01423nam a2200277 a 450000500170000000800410001704000270005804100130008504400070009808200220010524501370012726001120026430000670037650400420044353401380048565000280062365000420065165000450069370000390073870000350077770000360081271000810084894200150092999900170094495201840096120200104041759.0170914s2015 ck ab|||r|||| 00| 0 spa d aCO-BoIAVH cCO-BoIAVH 1 aenghspa ack04a333.910986bC71a200aAmphibian Colombia : bA country of wetlands / ceditado por Úrsula Jaramillo Villa, Jimena Cortés-Duque y Carlos Flórez Ayala aBogotá (Colombia) :bInstituto de Investigación de Recursos Biológicos Alexander von Humboldt,c2015. a32 páginas : bilustraciones a color y mapas ; c32 x 24 cm. aIncluye referencias bibliográficas. pEs un compendio de los apartados mas importantes de la publicación original.tColombia Anfibia : Un país de humedales. Volumen I.24aHumedales continentales24aHumedalesxidentificaciónzColombia24aHumedalesxGestión ambientalzColombia1 aJaramillo Villa, Úrsulaeeditora1 aFlórez-Ayala, Carloseeditor1 aCortés-Duque, Jimenaeeditora2 aInstituto de Investigación de Recursos Biológicos Alexander von Humboldt 2ddccLIBRO c19820d19820 00102ddc40708HUMBOLDTIINV2017aBogotabBogotad2017-09-14eInstitutog50000.00l0oIAVH-333.910986 C71a2p041647r2017-09-14 00:00:00tEj. 1w2017-09-14xInstitucionalyLIBRO